000 00604nam a2200229Ia 4500
003 OSt
005 20221005035131.0
006 a|||||r|||| 00| 0
007 ta
008 221004b |||||||| |||| 00| 0 eng d
024 _a20636
037 _cTextual
040 _aCRL
_cCRL
_beng
041 _2eng
_aeng
082 _aM71, G0
100 _aNavkal Harirao
_9588009
245 0 _aFoundations of yarn-strength and yarn extension Karirao Navkal
260 _aDelhi
_bIndia
_c1940
300 _a45
_ccm.
942 _hM71, G0
_cTEXL
_2cc
999 _c944649
_d944649